Statistics for Also a Country

Click here to take the quiz!

General Stats

  • This quiz has been taken 63 times
  • The average score is 9 of 18

Answer Stats

HintAnswer% Correct
Thanksgiving birdTurkey
98%
South American nutBrazil
82%
Bulls legend MichaelJordan
80%
Third longest river in AfricaNiger
73%
Anagram of rapper WestKenya
68%
Fine white or translucent vitrified ceramic materialChina
64%
Van Halen song or straw hatPanama
57%
Alternate spelling of a hot pepperChile
55%
Jacob's new nameIsrael
45%
AutomobileCAR (Central African Republic)
43%
2005 animated filmMadagascar
43%
Infinitive of verb wentTo go (Togo)
38%
Piece of waste material removed from card or tape by punchingChad
32%
A kind of inkIndia
32%
This "Sling" is a gin-based cocktailSingapore
32%
A Flock of Seagulls songI Ran (Iran)
23%
James Taylor songMexico
21%
Talk incessantlyGab on (Gabon)
13%

Score Distribution

Percentile by Number Answered

Percent of People with Each Score

Your Score History

You have not taken this quiz